Normal view
MARC view
- Dr. Sarfraz Ali
Entry Personal Name
001 - CONTROL NUMBER
- control field: 31137
003 - CONTROL NUMBER IDENTIFIER
- control field: NUST
005 - DATE AND TIME OF LATEST TRANSACTION
- control field: 20201002094155.0
008 - FIXED-LENGTH DATA ELEMENTS
- fixed length control field: 201002|| aca||aabn | a|a d
040 ## - CATALOGING SOURCE
- Original cataloging agency: NUST
- Transcribing agency: NUST
100 ## - HEADING--PERSONAL NAME
- Personal name: Dr. Sarfraz Ali
670 ## - SOURCE DATA FOUND
- Source citation: Work cat.: (NUST): Ullah, Muhammad Shakir 31135, Geostructural Approach for Rock Slope Stabilization in Himalayan-Karakoram Ranges for Infrastructural Sustainability of CPEC /, 2017.
